00496 2200181 4500001002100000008004100021035001900062245005600081100001700137260003800154300003400192020002100226084001300247082000700260650001300267990001700280990001700297INLIS000000000016411 Ind $a 0010-0525000074$a Aku bangga sebagai anak indonesia / $c Nia Juniawati$a Nia Juniawati$a Bandung: $b SM Publishing $c 2020 $a vi, 70 hlm. ; $c 14,5x20,5 cm.$a 978-623-6819-02-9$a 301 Nia a$a 301$a SOSIOLOGI$a 35167/Bt/2024$a 35168/Bt/2024